Homilectics (Record no. 11551)

000 -LEADER
fixed length control field 00516nam a2200181 a 4500
001 - CONTROL NUMBER
control field :::00009350$&:&@@
003 - CONTROL NUMBER IDENTIFIER
control field OkBaRHE
005 - DATE AND TIME OF LATEST TRANSACTION
control field 20000607103350.0
008 - FIXED-LENGTH DATA ELEMENTS--GENERAL INFORMATION
fixed length control field j 000 0 eng u
040 ## - CATALOGING SOURCE
Transcribing agency
100 1# - MAIN ENTRY--PERSONAL NAME
Personal name Stanfield, Vernon L.
245 10 - TITLE STATEMENT
Title Homilectics
260 ## - PUBLICATION, DISTRIBUTION, ETC. (IMPRINT)
Place of publication, distribution, etc Grand Rapids, MI
Name of publisher, distributor, etc Baker Book House
300 ## - PHYSICAL DESCRIPTION
Extent 156 p.
650 ## - SUBJECT ADDED ENTRY--TOPICAL TERM
Topical term or geographic name as entry element Preaching
General subdivision Sermon Preparation
942 ## - ADDED ENTRY ELEMENTS (KOHA)
Source of classification or shelving scheme
Koha item type Books
Copies
Permanent Location Price effective from Not for loan Koha item type Source of classification or shelving scheme Date acquired Lost status Withdrawn status Full call number Shelving location Date last seen Damaged status Barcode Copy number
RHEMA Bible Training College2010-04-14 Books 2010-04-14  BV 4211 .S7General Stacks2010-04-14 93501